| 000 | 00342nam a2200121Ia 4500 | ||
|---|---|---|---|
| 005 | 20251222154306.0 | ||
| 008 | 251222s9999||||xx |||||||||||||| ||spa|| | ||
| 082 | _a868.69/V23 | ||
| 100 | _a"Valle Inclón, Ramón Del " | ||
| 245 | 0 | _a"Sonata de otoño, sonata de invierno: Memorias del Marqués de Bradomin" | |
| 250 | _a4a.ed. | ||
| 942 | _cLIB | ||
| 999 |
_c33210 _d33210 |
||